| 000 | 00704nam a2200229 a 4500 | ||
|---|---|---|---|
| 001 | BRCA_5595 | ||
| 005 | 20190320205139.0 | ||
| 008 | 210211s1945----u--a######---#000-0#eng-# | ||
| 041 | _aeng | ||
| 044 | _au | ||
| 050 | 4 |
_aN530 _b.A78 1945 |
|
| 245 | 1 | 0 |
_aAn illustrated guide to the collections of the Art Institute of Chicago _cpublished by the Art Institute of Chicago. |
| 260 |
_aChicago, Illinois _bArt Institute _c1945 |
||
| 300 |
_a40 p. _bil. _c24 cm. |
||
| 500 | _aIncluye índice por tema | ||
| 500 | _aF72 | ||
| 650 | 1 | 4 |
_aArte _zChicago, Illinois _914266 |
| 650 | 1 | 4 |
_aGalerías y museos _zEstados Unidos _97437 |
| 710 | 2 |
_aArt Institute of Chicago _97624 |
|
| 902 | _aGFM | ||
| 942 |
_2lcc _cB |
||
| 999 |
_c5289 _d5289 |
||